[Event "Saint Louis Spring-B"]
[Site "Saint Louis"]
[Date "2024.04.19"]
[Round "9"]
[White "Van Foreest, Lucas"]
[Black "Budisavljevic, Luka"]
[Result "1/2-1/2"]
[WhiteElo "2512"]
[BlackElo "2483"]
[PlyCount "66"]
[EventDate "2024.04.11"]
[EventType "tourn"]
[EventRounds "9"]
[EventCountry "USA"]
[EventCategory "10"]
[SourceTitle "CB17_2024"]
[SourceDate "2024.04.24"]
[SourceVersion "1"]
[SourceVersionDate "2024.04.24"]
[SourceQuality "1"]

1. d4 Nf6 2. Nc3 d5 3. Bf4 c5 4. e3 cxd4 5. exd4 a6 6. Nf3 Nc6 7. Ne5 e6 8. Nxc6 bxc6 9. Na4 Bd6 10. Bxd6 Qxd6 11. Bd3 a5 12. 0-0 Ba6 13. Re1 0-0 14. Rc1 Bxd3 15. Qxd3 Rfe8 16. h3 e5 17. dxe5 Rxe5 18. Rxe5 Qxe5 19. Rd1 Re8 20. Nc3 h6 21. a3 Re6 22. b4 axb4 23. axb4 Ne4 24. Nxe4 Qxe4 25. Qxe4 Rxe4 26. b5 cxb5 27. Rxd5 Re1+ 28. Kh2 Re2 29. f3 Rxc2 30. Rxb5 Rd2 31. Ra5 Rc2 32. Rb5 Rd2 33. Ra5 Rc2 1/2-1/2

[Event "Saint Louis Spring-B"]
[Site "Saint Louis"]
[Date "2024.04.18"]
[Round "8"]
[White "Kevlishvili, Robby"]
[Black "Van Foreest, Lucas"]
[Result "1/2-1/2"]
[WhiteElo "2524"]
[BlackElo "2512"]
[PlyCount "64"]
[EventDate "2024.04.11"]
[EventType "tourn"]
[EventRounds "9"]
[EventCountry "USA"]
[EventCategory "10"]
[SourceTitle "CB17_2024"]
[SourceDate "2024.04.24"]
[SourceVersion "1"]
[SourceVersionDate "2024.04.24"]
[SourceQuality "1"]

1. e4 e5 2. Nf3 Nc6 3. Bb5 Nf6 4. 0-0 Nxe4 5. Re1 Nd6 6. a4 Be7 7. Nc3 Nxb5 8. axb5 Nb4 9. d4 d6 10. Ra4 a5 11. bxa6 Nxa6 12. dxe5 dxe5 13. Qxd8+ Bxd8 14. Rxe5+ Be6 15. Nd4 Bf6 16. Re1 Bxd4 17. Rxd4 Rd8 18. Rxd8+ Kxd8 19. Bf4 Re8 20. f3 Re7 21. Nb5 Bf5 22. Rxe7 Kxe7 23. Nxc7 Nxc7 24. Bxc7 Bxc2 25. Kf2 Bd3 26. Kg1 f6 27. Kf2 Kf7 28. Bd6 Bc2 29. Bc7 Bd3 30. Bd6 Bc2 31. Bc7 Bd3 32. Bd6 Bc2 1/2-1/2

[Event "Saint Louis Spring-B"]
[Site "Saint Louis"]
[Date "2024.04.14"]
[Round "4"]
[White "Kantor, Gergely"]
[Black "Van Foreest, Lucas"]
[Result "1/2-1/2"]
[WhiteElo "2527"]
[BlackElo "2512"]
[PlyCount "50"]
[EventDate "2024.04.11"]
[EventType "tourn"]
[EventRounds "9"]
[EventCountry "USA"]
[EventCategory "10"]
[SourceTitle "CB17_2024"]
[SourceDate "2024.04.24"]
[SourceVersion "1"]
[SourceVersionDate "2024.04.24"]
[SourceQuality "1"]

1. d4 d5 2. c4 e6 3. Nf3 Nf6 4. Nc3 c5 5. cxd5 cxd4 6. Qxd4 exd5 7. e4 Nc6 8. Bb5 dxe4 9. Qxd8+ Kxd8 10. Ng5 Ke8 11. 0-0 Bf5 12. Re1 Bb4 13. Bd2 h6 14. Ngxe4 Nxe4 15. Nxe4 Bxd2 16. Nxd2+ Be6 17. Nb3 Ke7 18. Bxc6 bxc6 19. Nd4 Rac8 20. Rac1 c5 21. Nxe6 fxe6 22. Rc2 Rhd8 23. Kf1 Rd4 24. Re3 Rc6 25. Ke2 Kd6 1/2-1/2

[Event "Saint Louis Spring-B"]
[Site "Saint Louis"]
[Date "2024.04.12"]
[Round "2"]
[White "Raja, Harshit"]
[Black "Van Foreest, Lucas"]
[Result "1/2-1/2"]
[WhiteElo "2458"]
[BlackElo "2512"]
[PlyCount "71"]
[EventDate "2024.04.11"]
[EventType "tourn"]
[EventRounds "9"]
[EventCountry "USA"]
[EventCategory "10"]
[SourceTitle "CB17_2024"]
[SourceDate "2024.04.24"]
[SourceVersion "1"]
[SourceVersionDate "2024.04.24"]
[SourceQuality "1"]

1. e4 e5 2. Nf3 Nc6 3. Bb5 Nf6 4. 0-0 Nxe4 5. Re1 Nd6 6. Nxe5 Be7 7. Bf1 Nxe5 8. Rxe5 0-0 9. Nc3 Ne8 10. Nd5 Bd6 11. Re1 c6 12. Ne3 Bc7 13. Nf5 d5 14. Ne7+ Kh8 15. Nxc8 Qxc8 16. Qf3 Nf6 17. d3 Qd7 18. g3 Rae8 19. Be3 Bb6 20. Bxb6 axb6 21. Qf4 Kg8 22. a4 h6 23. h4 Kh8 24. Bg2 Kg8 25. Bf1 Kh8 26. Bg2 Kg8 27. Bf3 Qd8 28. Kg2 Rxe1 29. Rxe1 Re8 30. Ra1 Qe7 31. c3 Nd7 32. d4 Nf6 33. Ra3 Qd8 34. Ra1 Qe7 35. Ra3 Qd8 36. Ra1 1/2-1/2

[Event "Saint Louis Spring-B"]
[Site "Saint Louis"]
[Date "2024.04.11"]
[Round "1"]
[White "Chandra, Akshat"]
[Black "Van Foreest, Lucas"]
[Result "1/2-1/2"]
[WhiteElo "2489"]
[BlackElo "2512"]
[PlyCount "57"]
[EventDate "2024.04.11"]
[EventType "tourn"]
[EventRounds "9"]
[EventCountry "USA"]
[EventCategory "10"]
[SourceTitle "CB17_2024"]
[SourceDate "2024.04.24"]
[SourceVersion "1"]
[SourceVersionDate "2024.04.24"]
[SourceQuality "1"]

1. e4 c6 2. d4 d5 3. exd5 cxd5 4. Bd3 Nc6 5. c3 Qc7 6. h3 e6 7. Nf3 Bd6 8. 0-0 Nge7 9. Re1 0-0 10. b3 Bd7 11. c4 f6 12. Nc3 a6 13. a3 Rad8 14. Qc2 Kh8 15. Bd2 Bc8 16. cxd5 exd5 17. Na4 g6 18. b4 Bf5 19. Nc5 Bxc5 20. bxc5 Rf7 21. Re2 Kg8 22. Rae1 Bxd3 23. Qxd3 Nf5 24. g4 Ng7 25. Kg2 Rdd7 26. Qb3 Rd8 27. Qd3 Rdd7 28. Qb3 Rd8 29. Qd3 1/2-1/2

[Event "Bundesliga 2324"]
[Site "Germany"]
[Date "2024.03.17"]
[Round "13.4"]
[White "Van Foreest, Lucas"]
[Black "Van den Doel, Erik"]
[Result "0-1"]
[WhiteElo "2540"]
[BlackElo "2550"]
[PlyCount "158"]
[EventDate "2023.10.21"]
[EventType "team-tourn"]
[EventRounds "15"]
[EventCountry "GER"]
[SourceTitle "CB13_2024"]
[SourceDate "2024.03.27"]
[SourceVersion "1"]
[SourceVersionDate "2024.03.27"]
[SourceQuality "1"]
[WhiteTeam "Werder Bremen"]
[BlackTeam "Oetigheim"]
[WhiteTeamCountry "GER"]
[BlackTeamCountry "GER"]

1. d4 d5 2. c4 c6 3. cxd5 cxd5 4. Nf3 Nf6 5. Nc3 Nc6 6. Bf4 Bf5 7. e3 e6 8. Be2 Bd6 9. Ne5 0-0 10. Nxc6 bxc6 11. Bxd6 Qxd6 12. 0-0 Rfc8 13. Rc1 Nd7 14. Na4 c5 15. dxc5 Nxc5 16. Qd4 Nxa4 17. Qxa4 Qb6 18. b3 Bc2 19. Rfe1 Rc5 20. Qd4 Rac8 21. h3 h6 22. Bf1 Rc3 23. Qxb6 axb6 24. Re2 Kf8 25. Rd2 Bg6 26. Rxc3 Rxc3 27. Be2 Ke7 28. Bf3 Bd3 29. Bd1 Kd6 30. f3 Kc5 31. a3 e5 32. Kf2 d4 33. exd4+ Kxd4 34. Ra2 f5 35. a4 e4 36. fxe4 fxe4 37. a5 e3+ 38. Ke1 bxa5 39. Ra4+ Ke5 40. Rxa5+ Kf4 41. Ra4+ Kg3 42. Rg4+ Kh2 43. Rxg7 Rc1 44. Rd7 Bb5 45. Re7 e2 46. Rxe2 Bxe2 47. Kxe2 Kxg2 48. h4 Rc6 49. Kd2 Kf2 50. h5 Rc5 51. Kd3 Rd5+ 52. Kc2 Ke3 53. Bg4 Rg5 54. Bd1 Rg1 55. b4 Rf1 56. Bg4 Rf4 57. Be6 Rxb4 58. Bf7 Rb7 59. Bg6 Rd7 60. Be8 Rd2+ 61. Kc3 Rd8 62. Bg6 Rc8+ 63. Kb3 Kd4 64. Kb2 Rc3 65. Bf7 Kd3 66. Be8 Kd2 67. Bg6 Rg3 68. Ka2 Kc3 69. Kb1 Rg1+ 70. Ka2 Re1 71. Bf7 Re7 72. Bg6 Rb7 73. Be8 Rb2+ 74. Ka1 Kc2 75. Bf7 Kc1 76. Bg6 Rg2 77. Be8 Rg8 78. Bf7 Rg7 79. Bg6 Ra7# 0-1

[Event "Kragero op"]
[Site "Kragero"]
[Date "2024.02.22"]
[Round "4"]
[White "Poysti, Nathanael Nicolai"]
[Black "Van Foreest, Lucas"]
[Result "0-1"]
[WhiteElo "2182"]
[BlackElo "2523"]
[PlyCount "72"]
[EventDate "2024.02.21"]
[EventType "swiss"]
[EventRounds "9"]
[EventCountry "NOR"]
[SourceTitle "CB09_2024"]
[SourceDate "2024.02.28"]
[SourceVersion "1"]
[SourceVersionDate "2024.02.28"]
[SourceQuality "1"]

1. c4 e6 2. g3 d5 3. Bg2 d4 4. Nf3 c5 5. 0-0 Nc6 6. d3 Nf6 7. e3 h6 8. exd4 cxd4 9. Bf4 Bd6 10. Bxd6 Qxd6 11. Nbd2 0-0 12. Rc1 Nd7 13. Nb3 e5 14. Nfd2 Qc7 15. c5 Nf6 16. Nc4 Rb8 17. Re1 Be6 18. a3 Nd7 19. Qd2 Kh8 20. Nca5 Ne7 21. c6 bxc6 22. Nc5 Nxc5 23. Rxc5 Rb5 24. Rec1 Qd6 25. b4 Rxc5 26. Rxc5 Bd5 27. Qc2 f5 28. Nxc6 Bxc6 29. Bxc6 e4 30. Ba4 e3 31. fxe3 dxe3 32. Qc3 f4 33. Qe5 e2 34. Qxe2 fxg3 35. Qe5 Qxd3 36. Rc1 Qd2 0-1

[Event "Kragero op"]
[Site "Kragero"]
[Date "2024.02.22"]
[Round "3"]
[White "Van Foreest, Lucas"]
[Black "Vestby Ellingsen, Mads"]
[Result "0-1"]
[WhiteElo "2523"]
[BlackElo "2338"]
[PlyCount "42"]
[EventDate "2024.02.21"]
[EventType "swiss"]
[EventRounds "9"]
[EventCountry "NOR"]
[SourceTitle "CB09_2024"]
[SourceDate "2024.02.28"]
[SourceVersion "1"]
[SourceVersionDate "2024.02.28"]
[SourceQuality "1"]

1. Nf3 d5 2. e3 Nf6 3. c4 e6 4. b3 c5 5. cxd5 exd5 6. Bb2 Nc6 7. Be2 d4 8. exd4 cxd4 9. Bb5 Bc5 10. Qe2+ Be6 11. Qe5 Bd6 12. Qxd4 0-0 13. Bxc6 bxc6 14. 0-0 Bd5 15. Ne5 Re8 16. Ng4 Nh5 17. Nc3 Nf4 18. Rfe1 Qg5 19. Nxd5 cxd5 20. Qa4 Rxe1+ 21. Rxe1 Qxg4 0-1

[Event "Bundesliga 2324"]
[Site "Germany"]
[Date "2024.02.03"]
[Round "7.6"]
[White "Van Foreest, Lucas"]
[Black "Polak, Tomas"]
[Result "1/2-1/2"]
[WhiteElo "2540"]
[BlackElo "2518"]
[PlyCount "44"]
[EventDate "2023.10.21"]
[EventType "team-tourn"]
[EventRounds "15"]
[EventCountry "GER"]
[SourceTitle "CB06_2024"]
[SourceDate "2024.02.07"]
[SourceVersion "1"]
[SourceVersionDate "2024.02.07"]
[SourceQuality "1"]
[WhiteTeam "Werder Bremen"]
[BlackTeam "Heimbach Weis Neuwied"]
[WhiteTeamCountry "GER"]
[BlackTeamCountry "GER"]

1. Nf3 Nf6 2. c4 e6 3. b3 d5 4. Bb2 Be7 5. g3 0-0 6. Bg2 b6 7. 0-0 Bb7 8. cxd5 Nxd5 9. d4 Nd7 10. Re1 N5f6 11. Nc3 c5 12. e4 cxd4 13. Nxd4 Ne5 14. Qe2 Bc5 15. Nf3 Nxf3+ 16. Bxf3 Qe7 17. e5 Nd5 18. Nxd5 Bxd5 19. Bxd5 exd5 20. Rad1 Rad8 21. Bd4 Bb4 22. Rf1 f6 1/2-1/2

[Event "Wch Blitz"]
[Site "Samarkand"]
[Date "2023.12.30"]
[Round "21"]
[White "Van Foreest, Lucas"]
[Black "Begmuratov, Khumoyun"]
[Result "1-0"]
[WhiteElo "2530"]
[BlackElo "2371"]
[PlyCount "107"]
[EventDate "2023.12.29"]
[EventType "swiss (blitz)"]
[EventRounds "21"]
[EventCountry "UZB"]
[SourceTitle "CB01_2024"]
[SourceDate "2024.01.03"]
[SourceVersion "1"]
[SourceVersionDate "2024.01.03"]
[SourceQuality "1"]

1. e4 c5 2. Qg4 Nf6 3. Qh4 Nc6 4. Nf3 d6 5. Bb5 Bd7 6. d3 e6 7. 0-0 Be7 8. Bg5 h6 9. Bxc6 Bxc6 10. Nc3 0-0 11. Bxf6 Bxf6 12. Qg3 Qc7 13. Rfd1 b5 14. Rab1 Rfd8 15. Ne2 Rac8 16. Nf4 g6 17. Re1 Bg7 18. h4 Qe7 19. c3 e5 20. Nd5 Bxd5 21. exd5 Qd7 22. Nd2 Kh7 23. c4 f5 24. b3 Rf8 25. Qf3 h5 26. cxb5 Qxb5 27. Nc4 Rcd8 28. g3 Qb7 29. Kg2 Rf7 30. a3 Qa6 31. b4 e4 32. Qd1 cxb4 33. Rxb4 Re7 34. dxe4 fxe4 35. Qa4 Qc8 36. Ne3 Rde8 37. Rc4 Qb8 38. Rec1 Qb2 39. R4c2 Qf6 40. Qc4 Qf3+ 41. Kg1 Be5 42. Qe2 Qf7 43. Rc6 Rf8 44. Rd1 Rb7 45. Nc4 Rd7 46. Nxe5 dxe5 47. Re6 Rxd5 48. Rxd5 Qxe6 49. Qxe4 Qb6 50. Rd7+ Kh6 51. Qc2 Qf6 52. Qd2+ g5 53. hxg5+ Qxg5 54. Rd6+ 1-0

[Event "Wch Blitz"]
[Site "Samarkand"]
[Date "2023.12.30"]
[Round "19"]
[White "Van Foreest, Lucas"]
[Black "Rakhmatullaev, Almas"]
[Result "1-0"]
[WhiteElo "2530"]
[BlackElo "2383"]
[PlyCount "59"]
[EventDate "2023.12.29"]
[EventType "swiss (blitz)"]
[EventRounds "21"]
[EventCountry "UZB"]
[SourceTitle "CB01_2024"]
[SourceDate "2024.01.03"]
[SourceVersion "1"]
[SourceVersionDate "2024.01.03"]
[SourceQuality "1"]

1. e4 e5 2. Nf3 Nf6 3. Nc3 Nc6 4. a4 a6 5. d4 Bb4 6. Nxe5 Qe7 7. Nxc6 Qxe4+ 8. Be2 Qxc6 9. 0-0 0-0 10. d5 Qd6 11. Bf3 c6 12. Ne4 Nxe4 13. Bxe4 f5 14. Bf3 Qf6 15. c3 Bd6 16. Be3 Be5 17. Qb3 Kh8 18. Rad1 b5 19. Rfe1 Bb7 20. Bc5 Rfe8 21. h3 Qh4 22. Re3 cxd5 23. Rde1 Qf6 24. Bxd5 f4 25. Re4 Bc6 26. Bxc6 dxc6 27. Bd4 f3 28. Bxe5 Rxe5 29. Rxe5 Qg6 30. g3 1-0

[Event "Wch Blitz"]
[Site "Samarkand"]
[Date "2023.12.29"]
[Round "1"]
[White "Duda, Jan Krzysztof"]
[Black "Van Foreest, Lucas"]
[Result "1-0"]
[WhiteElo "2732"]
[BlackElo "2530"]
[PlyCount "119"]
[EventDate "2023.12.29"]
[EventType "swiss (blitz)"]
[EventRounds "21"]
[EventCountry "UZB"]
[SourceTitle "CB01_2024"]
[SourceDate "2024.01.03"]
[SourceVersion "1"]
[SourceVersionDate "2024.01.03"]
[SourceQuality "1"]

1. e4 e5 2. Nf3 Nc6 3. Bb5 Nf6 4. d3 d6 5. 0-0 a6 6. Bxc6+ bxc6 7. Re1 c5 8. c3 Be7 9. d4 cxd4 10. cxd4 exd4 11. Nxd4 Bd7 12. Nc3 0-0 13. h3 Re8 14. Bf4 Bf8 15. Qc2 h6 16. Rad1 Rb8 17. e5 dxe5 18. Bxe5 Bd6 19. Bxd6 Rxe1+ 20. Rxe1 cxd6 21. Qd2 Qa5 22. Rd1 Qb4 23. Nc2 Qxb2 24. Rb1 Qxb1+ 25. Nxb1 Rxb1+ 26. Ne1 Be6 27. a3 Ne4 28. Qe3 Nc5 29. Kh2 Rb3 30. Qd4 Rxa3 31. Qxd6 Rc3 32. Nf3 Nd7 33. Qxa6 Nf6 34. Nd4 Bd7 35. Qa8+ Rc8 36. Qf3 Rd8 37. Qf4 Re8 38. f3 Rc8 39. g4 Rc4 40. Kg3 Rc3 41. Qe5 Rc8 42. Kf2 Re8 43. Qd6 Rc8 44. Ne2 Rc2 45. Ke3 Rc6 46. Qd4 Re6+ 47. Kf2 Re8 48. Nf4 Ra8 49. h4 Ra2+ 50. Kg3 Ra5 51. Qc3 Rb5 52. Qe3 Ra5 53. Qd4 Rb5 54. Nd3 Rd5 55. Qe3 Rb5 56. Ne5 Be6 57. Qd4 Rb3 58. Qd8+ Kh7 59. Qd1 Rb5 60. Qd3+ 1-0

[Event "Wch Blitz"]
[Site "Samarkand"]
[Date "2023.12.29"]
[Round "6"]
[White "Sadhwani, Raunak"]
[Black "Van Foreest, Lucas"]
[Result "1-0"]
[WhiteElo "2654"]
[BlackElo "2530"]
[PlyCount "49"]
[EventDate "2023.12.29"]
[EventType "swiss (blitz)"]
[EventRounds "21"]
[EventCountry "UZB"]
[SourceTitle "CB01_2024"]
[SourceDate "2024.01.03"]
[SourceVersion "1"]
[SourceVersionDate "2024.01.03"]
[SourceQuality "1"]

1. e4 e5 2. Nf3 Nc6 3. Bb5 Nf6 4. d3 d6 5. c3 a6 6. Ba4 g6 7. 0-0 Bg7 8. Nbd2 0-0 9. Re1 h6 10. Nf1 Re8 11. Ng3 b5 12. Bc2 d5 13. Qe2 Be6 14. h3 dxe4 15. dxe4 Bc4 16. Qe3 Qe7 17. b3 Be6 18. Qe2 Red8 19. Be3 Kh7 20. Rac1 Rab8 21. Bb1 a5 22. Bd3 b4 23. Bb5 Na7 24. Bxa7 Bc4 25. Bxc4 1-0

[Event "Wch Blitz"]
[Site "Samarkand"]
[Date "2023.12.29"]
[Round "8"]
[White "Urazayev, Arystanbek"]
[Black "Van Foreest, Lucas"]
[Result "1-0"]
[WhiteElo "2472"]
[BlackElo "2530"]
[PlyCount "70"]
[EventDate "2023.12.29"]
[EventType "swiss (blitz)"]
[EventRounds "21"]
[EventCountry "UZB"]
[SourceTitle "CB01_2024"]
[SourceDate "2024.01.03"]
[SourceVersion "1"]
[SourceVersionDate "2024.01.03"]
[SourceQuality "1"]

1. e4 e5 2. Nf3 Nc6 3. Bb5 Nf6 4. d3 d6 5. 0-0 a6 6. Ba4 b5 7. Bb3 Na5 8. Re1 Be7 9. h3 0-0 10. Nc3 Bb7 11. Bg5 h6 12. Bxf6 Bxf6 13. Nd5 Re8 14. c4 Nxb3 15. Qxb3 Rb8 16. cxb5 axb5 17. Qxb5 Bxd5 18. Qxd5 Rxb2 19. a4 Qa8 20. Qc4 Qa5 21. Reb1 Rxb1+ 22. Rxb1 Ra8 23. h4 Bd8 24. h5 Kf8 25. Ra1 Rb8 26. Qc2 Bg5 27. Nxg5 hxg5 28. Qc1 f6 29. Qc4 Ke7 30. Rc1 c5 31. Ra1 Rh8 32. Rb1 Rd8 33. Rb7+ Rd7 34. Rxd7+ Kxd7 35. Qf7+ Kc6 1-0

[Event "EU-chT 24th"]
[Site "Budva"]
[Date "2023.11.12"]
[Round "2.8"]
[White "Ioannidis, Evgenios"]
[Black "Van Foreest, Lucas"]
[Result "1/2-1/2"]
[WhiteElo "2502"]
[BlackElo "2540"]
[PlyCount "83"]
[EventDate "2023.11.11"]
[EventType "team-swiss"]
[EventRounds "9"]
[EventCountry "MNE"]
[SourceTitle "CB47_2023"]
[SourceDate "2023.11.22"]
[SourceVersion "1"]
[SourceVersionDate "2023.11.22"]
[SourceQuality "1"]
[WhiteTeam "Greece"]
[BlackTeam "Netherlands"]
[WhiteTeamCountry "GRE"]
[BlackTeamCountry "NED"]

1. c4 e5 2. Nc3 Nf6 3. Nf3 Nc6 4. e4 Bb4 5. d3 d6 6. a3 Bxc3+ 7. bxc3 Ne7 8. g3 Ng6 9. Bg2 c6 10. 0-0 0-0 11. a4 h6 12. Ne1 Re8 13. Nc2 d5 14. cxd5 cxd5 15. exd5 Nxd5 16. Ne3 Be6 17. c4 Nxe3 18. Bxe3 Qd7 19. Rb1 Reb8 20. Qb3 Bh3 21. Qb5 Qg4 22. Qd5 Bxg2 23. Qxg2 Qd7 24. a5 Qxd3 25. Rxb7 e4 26. Rxb8+ Rxb8 27. Bxa7 Rb4 28. Ra1 Ne5 29. Qf1 Qd7 30. Bc5 Rxc4 31. Qxc4 Nxc4 32. a6 Qc6 33. a7 Qa8 34. Rb1 Kh7 35. h4 Qd5 36. Rb8 Qd1+ 37. Kh2 Ne5 38. a8Q Ng4+ 39. Kg2 Qf3+ 40. Kg1 Qd1+ 41. Kg2 Qf3+ 42. Kg1 1/2-1/2

[Event "Bundesliga 2324"]
[Site "Germany"]
[Date "2023.10.22"]
[Round "2.2"]
[White "Van Foreest, Lucas"]
[Black "Hoffmann, Paul"]
[Result "1/2-1/2"]
[WhiteElo "2540"]
[BlackElo "2378"]
[PlyCount "66"]
[EventDate "2023.10.21"]
[EventType "team-tourn"]
[EventRounds "15"]
[EventCountry "GER"]
[SourceTitle "Mega2024 Update 01"]
[Source "Chessbase"]
[SourceDate "2023.11.12"]
[SourceVersion "1"]
[SourceVersionDate "2023.11.12"]
[SourceQuality "1"]
[WhiteTeam "Werder Bremen"]
[BlackTeam "Dresden TU"]
[WhiteTeamCountry "GER"]
[BlackTeamCountry "GER"]

1. c4 Nf6 2. g3 e6 3. Bg2 d5 4. d4 Bb4+ 5. Nd2 0-0 6. Ngf3 Be7 7. 0-0 a5 8. Qc2 c5 9. cxd5 exd5 10. dxc5 Na6 11. c6 bxc6 12. Qxc6 Bd7 13. Qc2 Qb6 14. Nb3 a4 15. Nbd4 Bc5 16. Qd1 Rfe8 17. e3 Ne4 18. Ne1 Bxd4 19. exd4 Bb5 20. Nd3 Bc4 21. Qf3 Nb4 22. Nxb4 Bxf1 23. Nxd5 Bxg2 24. Kxg2 Qd6 25. Nc3 Qxd4 26. Be3 Qb4 27. Nxe4 Qxe4 28. Qxe4 Rxe4 29. Rc1 h6 30. Rc2 Ree8 31. b4 axb3 32. axb3 Rab8 33. Rc3 Rec8 1/2-1/2

[Event "FRA-chT Top 16 Gp Basse"]
[Site "Chartres"]
[Date "2023.06.10"]
[Round "3.1"]
[White "Banusz, Tamas"]
[Black "Van Foreest, Lucas"]
[Result "1/2-1/2"]
[WhiteElo "2614"]
[BlackElo "2547"]
[PlyCount "99"]
[EventDate "2023.06.08"]
[EventType "team-tourn"]
[EventRounds "4"]
[EventCountry "FRA"]
[SourceTitle "CBM 214 Extra"]
[Source "ChessBase"]
[SourceDate "2023.07.31"]
[SourceVersion "1"]
[SourceVersionDate "2023.07.31"]
[SourceQuality "1"]
[WhiteTeam "Marseille"]
[BlackTeam "Tremblay en France"]
[WhiteTeamCountry "FRA"]
[BlackTeamCountry "FRA"]

1. Nf3 d5 2. d4 Nf6 3. Bf4 c5 4. e3 Nc6 5. Nbd2 e6 6. c3 Bd6 7. Bg3 Bxg3 8. hxg3 Qd6 9. Bb5 Bd7 10. a4 a6 11. Bxc6 Bxc6 12. Ne5 Nd7 13. Nxd7 Bxd7 14. Nb3 cxd4 15. exd4 a5 16. Nc5 b6 17. Nd3 f6 18. Qh5+ Kf8 19. Kd2 Be8 20. Qf3 Bg6 21. Rae1 Re8 22. g4 Be4 23. Qf4 Ke7 24. f3 Bxd3 25. Qxd6+ Kxd6 26. Kxd3 h6 27. f4 Rb8 28. Re2 b5 29. f5 e5 30. dxe5+ fxe5 31. axb5 Rhf8 32. Rhe1 e4+ 33. Ke3 Ke5 34. Rd2 Rxb5 35. Rh1 Rf6 36. Ra1 g6 37. Rh1 gxf5 38. Rh5 a4 39. Rf2 Rb3 40. Rfxf5+ Rxf5 41. Rxf5+ Ke6 42. Rh5 Rxb2 43. Rxh6+ Ke5 44. Rh5+ Kd6 45. c4 dxc4 46. Ra5 c3 47. Rxa4 Kd5 48. Rd4+ Kc5 49. Rxe4 Rxg2 50. Kd3 1/2-1/2

[Event "FRA-chT Top 16 Gp Basse"]
[Site "Chartres"]
[Date "2023.06.08"]
[Round "1.1"]
[White "Postny, Evgeny"]
[Black "Van Foreest, Lucas"]
[Result "1/2-1/2"]
[WhiteElo "2549"]
[BlackElo "2547"]
[PlyCount "34"]
[EventDate "2023.06.08"]
[EventType "team-tourn"]
[EventRounds "4"]
[EventCountry "FRA"]
[SourceTitle "CBM 214 Extra"]
[Source "ChessBase"]
[SourceDate "2023.07.31"]
[SourceVersion "1"]
[SourceVersionDate "2023.07.31"]
[SourceQuality "1"]
[WhiteTeam "Metz Fischer"]
[BlackTeam "Tremblay en France"]
[WhiteTeamCountry "FRA"]
[BlackTeamCountry "FRA"]

1. d4 Nf6 2. c4 e6 3. g3 d5 4. Bg2 dxc4 5. Qa4+ Bd7 6. Qxc4 c5 7. Nf3 Bc6 8. 0-0 Nbd7 9. b3 Rc8 10. Bb2 cxd4 11. Qxd4 Bc5 12. Qd3 0-0 13. Nbd2 h6 14. Rac1 Qe7 15. Nd4 Bxg2 16. Kxg2 Rfd8 17. N4f3 Nb6 1/2-1/2

[Event "FRA-chT Top 16 GpA"]
[Site "Chartres"]
[Date "2023.06.04"]
[Round "4.2"]
[White "Van Foreest, Lucas"]
[Black "Salgado Lopez, Ivan"]
[Result "0-1"]
[WhiteElo "2556"]
[BlackElo "2591"]
[PlyCount "72"]
[EventDate "2023.06.01"]
[EventType "team-tourn"]
[EventRounds "7"]
[EventCountry "FRA"]
[SourceTitle "CBM 214 Extra"]
[Source "ChessBase"]
[SourceDate "2023.07.31"]
[SourceVersion "1"]
[SourceVersionDate "2023.07.31"]
[SourceQuality "1"]
[WhiteTeam "Tremblay en France"]
[BlackTeam "Chalon"]
[WhiteTeamCountry "FRA"]
[BlackTeamCountry "FRA"]

1. d4 d5 2. c4 c6 3. Nf3 Nf6 4. Nc3 e6 5. e3 Nbd7 6. Qc2 Bd6 7. b3 0-0 8. Be2 b6 9. 0-0 Bb7 10. Bb2 Qe7 11. e4 Nxe4 12. Nxe4 dxe4 13. Qxe4 Rfe8 14. Rad1 Nf8 15. Qg4 f6 16. Bd3 Rad8 17. Rfe1 Qf7 18. Bc3 c5 19. d5 exd5 20. Rxe8 Rxe8 21. cxd5 h5 22. Qh4 a6 23. Nd2 g5 24. Qh3 Be5 25. Bxe5 Rxe5 26. Nf1 b5 27. d6 Ne6 28. d7 Qxd7 29. Qxh5 Qe7 30. Qg6+ Kf8 31. Ne3 Nd4 32. Qh5 Bc6 33. Qh8+ Kf7 34. b4 Rxe3 35. fxe3 Qxe3+ 36. Kh1 Bxg2+ 0-1

[Event "Sharjah Masters 6th"]
[Site "Sharjah"]
[Date "2023.05.25"]
[Round "9"]
[White "Van Foreest, Lucas"]
[Black "Bernadskiy, Vitaliy"]
[Result "1/2-1/2"]
[WhiteElo "2556"]
[BlackElo "2592"]
[PlyCount "23"]
[EventDate "2023.05.17"]
[EventType "swiss"]
[EventRounds "9"]
[EventCountry "UAE"]
[SourceTitle "CBM 215"]
[Source "ChessBase"]
[SourceDate "2023.08.31"]
[SourceVersion "1"]
[SourceVersionDate "2023.08.31"]
[SourceQuality "1"]

1. d4 d5 2. c4 c6 3. cxd5 cxd5 4. Nf3 Nc6 5. Nc3 Nf6 6. Bf4 Bf5 7. e3 e6 8. Bd3 Bxd3 9. Qxd3 Bd6 10. Bxd6 Qxd6 11. 0-0 0-0 12. Rac1 1/2-1/2